00505nam a2200193 a 4500001001300000003000900013005001700022008004100039020002200080082001300102100001600115245006600131260002500197300000800222500003500230505001700265650001300282700001600295nice12345678IN_TiNIC20260116013258.0050524s2000 dela grp 000 0 eng  a8172148 c6500a230bMAT aMathew, C V aJublilee Reflectionsb Essays on Selected Theological Issues. aDelhi bISPCK c2000 a97p aincludes index and biblioraphy2 aBibliography aTheology1 aMathew, C V